Fasana e Azad (Record no. 329997)
[ view plain ]
| 000 -LEADER | |
|---|---|
| fixed length control field | 00281nam a22001217a 4500 |
| 003 - CONTROL NUMBER IDENTIFIER | |
| control field | NUST |
| 005 - DATE AND TIME OF LATEST TRANSACTION | |
| control field | 20170615100833.0 |
| 008 - FIXED-LENGTH DATA ELEMENTS--GENERAL INFORMATION | |
| fixed length control field | 140108t xxu||||| |||| 00| 0 eng d |
| 020 ## - INTERNATIONAL STANDARD BOOK NUMBER | |
| International Standard Book Number | 9693515765 |
| 040 ## - CATALOGING SOURCE | |
| Transcribing agency | NUST |
| 082 ## - DEWEY DECIMAL CLASSIFICATION NUMBER | |
| Classification number | 891.4393 |
| Author Mark | SAR |
| 100 ## - MAIN ENTRY--PERSONAL NAME | |
| Personal name | Rathan Nath Sarshar |
| 9 (RLIN) | 563 |
| 245 ## - TITLE STATEMENT | |
| Title | Fasana e Azad |
| Statement of responsibility, etc. | by Rathan Nath Sarshar |
| 260 ## - PUBLICATION, DISTRIBUTION, ETC. | |
| Place of publication, distribution, etc. | Islamabad: |
| Name of publisher, distributor, etc. | Poorab Academy, |
| Date of publication, distribution, etc. | 2007 |
| 300 ## - PHYSICAL DESCRIPTION | |
| Extent | 389p. |
| 440 ## - SERIES STATEMENT/ADDED ENTRY--TITLE | |
| Volume/sequential designation | vol 1 |
| 9 (RLIN) | 564 |
| 500 ## - GENERAL NOTE | |
| General note | Novel |
| 546 ## - LANGUAGE NOTE | |
| Language note | In Urdu |
| 650 ## - SUBJECT ADDED ENTRY--TOPICAL TERM | |
| Topical term or geographic name entry element | Urdu Literature- Novel |
| 9 (RLIN) | 1164 |
| 880 ## - ALTERNATE GRAPHIC REPRESENTATION | |
| Title | فسانہ آزاد |
| Linkage | 245-02\(3\r |
| c | رتن ناتھ سرشار، تلخیص: ڈاکٹر قمر ریٗس |
| 880 ## - ALTERNATE GRAPHIC REPRESENTATION | |
| Title | رتن ناتھ سر شار |
| Linkage | 100-01\(3\r |
| 880 ## - ALTERNATE GRAPHIC REPRESENTATION | |
| Title | اسلام آباد: |
| Linkage | 260-03\(3\r |
| b | پورب اکیڈیمی، |
| c | 2007 |
| 942 ## - ADDED ENTRY ELEMENTS (KOHA) | |
| Source of classification or shelving scheme | |
| Koha item type | Book |
| Withdrawn status | Lost status | Source of classification or shelving scheme | Damaged status | Not for loan | Permanent Location | Current Location | Shelving location | Date acquired | Total Checkouts | Total Renewals | Full call number | Barcode | Date last seen | Date last checked out | Copy number | Price effective from | Koha item type |
|---|---|---|---|---|---|---|---|---|---|---|---|---|---|---|---|---|---|
| Central Library (CL) | Central Library (CL) | Fiction | 06/02/2017 | 2 | 3 | 891.4393 SAR | CL1914 | 09/18/2023 | 06/04/2023 | 1 | 06/02/2017 | Book |
